| 000 -LEADER |
| fixed length control field |
00592nam a22001937a 4500 |
| 005 - DATE AND TIME OF LATEST TRANSACTION |
| control field |
20260430163301.0 |
| 008 - FIXED-LENGTH DATA ELEMENTS--GENERAL INFORMATION |
| fixed length control field |
260430s2001 fr ||||| |||| 00| 0 fre d |
| 020 ## - INTERNATIONAL STANDARD BOOK NUMBER |
| International Standard Book Number |
9782100055357x |
| 041 ## - LANGUAGE CODE |
| Language code of text/sound track or separate title |
fre |
| 080 ## - UNIVERSAL DECIMAL CLASSIFICATION NUMBER |
| Universal Decimal Classification number |
330.101.541 B-45 |
| 100 ## - MAIN ENTRY--PERSONAL NAME |
| Personal name |
Bernier, Bernard |
| 9 (RLIN) |
27399 |
| 245 ## - TITLE STATEMENT |
| Title |
Initiation à la macroéconomie / |
| Statement of responsibility, etc. |
Bernard Bernier, Yves Simon. |
| 250 ## - EDITION STATEMENT |
| Edition statement |
8e édition |
| 264 ## - PRODUCTION, PUBLICATION, DISTRIBUTION, MANUFACTURE, AND COPYRIGHT NOTICE |
| Place of production, publication, distribution, manufacture |
Paris, |
| Name of producer, publisher, distributor, manufacturer |
Dunod, |
| Date of production, publication, distribution, manufacture, or copyright notice |
2001. |
| 300 ## - PHYSICAL DESCRIPTION |
| Extent |
558 p.; |
| Other physical details |
24 cm. |
| 653 ## - INDEX TERM--UNCONTROLLED |
| keyword |
მაკროეკონომიკა |
| 700 ## - ADDED ENTRY--PERSONAL NAME |
| Personal name |
Simon, Yves |
| Relator term |
ავტორი |
| 9 (RLIN) |
27400 |
| 942 ## - ADDED ENTRY ELEMENTS (KOHA) |
| Source of classification or shelving scheme |
|
| Koha item type |
წიგნი |